00365nam a2200133 a 45000010005000000030005000050050017000100080041000270400020000682450046000882600059001343000011001936500027002045767CDMR20130930133610.0130130s ||||||||||||||||||||||||||||d aCDMRbcatcCDMR 3aEl sistema Secam de televisión en color aParisbCompagnie Française de Télévisionc[s.d.] a126 p.04aTelevisióxTècnica